[Event "Dortmund SuperGM 38th"]
[Site "Dortmund"]
[Date "2010.07.24"]
[Round "9"]
[White "Naiditsch, Arkadij"]
[Black "Kramnik, Vladimir"]
[Result "1-0"]
[WhiteElo "2684"]
[BlackElo "2790"]
[Annotator "Meyer,CD"]
[PlyCount "67"]
[EventDate "2010.07.15"]
[EventType "tourn"]
[EventRounds "10"]
[EventCountry "GER"]
[EventCategory "20"]
[SourceTitle "CBM 138"]
[Source "ChessBase"]
[SourceDate "2010.09.17"]
[SourceVersion "1"]
[SourceVersionDate "2010.09.17"]
[SourceQuality "1"]

1. e4 d6 2. d4 Nf6 3. Nc3 g6 {Die Pirc-Verteidigung ist eine früher eher
seltene, neuerdings gelegentlich anzutreffende Eröffnungswahl des großen
Meisters, hier unterstreicht sie seine Risikobereitschaft und seinen
Siegeswillen angesichts eines überraschenden, für ihn wenig erbaulichen
Turnierstandes in Dortmund.} 4. Be3 (4. f4 Bg7 5. Nf3 O-O 6. Bd3 Na6 7. O-O c5
8. d5 Rb8 9. h3 Nc7 10. a4 a6 11. a5 b5 12. axb6 Rxb6 13. Na4 Rb8 14. c4 e6 15.
Qc2 exd5 16. exd5 Nfxd5 17. cxd5 Nxd5 18. Qf2 Rb4 19. f5 Nf4 20. Bc2 Re8 21.
Nc3 Bb7 22. Ra4 Bxc3 23. Bxf4 Rxb2 24. Bc1 Rb4 25. Rxb4 cxb4 26. fxg6 hxg6 27.
Ng5 f5 28. Bxf5 Qf6 29. Be6+ Kg7 30. Qe2 Qd4+ 31. Be3 Qe5 32. Rf7+ Kg8 33.
Rxb7+ {1-0 Karjakin,S (2725) - Kramnik,V (2790), Nice 2010/CBM 135 Extra}) 4...
a6 ({Schärfer als das populärere} 4... c6) 5. Qd2 ({I} 5. Be2 Bg7 6. Qd2 (6. h4
$5 b5 7. h5) 6... b5 7. Bh6 O-O 8. e5 (8. h4 b4 $1) (8. Bxg7 $142 Kxg7 9. Bf3
$11) 8... dxe5 9. Bxg7 Kxg7 10. Bf3 c6 11. dxe5 Qxd2+ 12. Kxd2 Rd8+ 13. Ke3
Ng4+ 14. Bxg4 Bxg4 $15 {0-1/40, Smeets,J (2657) - Kramnik,V (2788), Wijk aan
Zee 2010/CBM 135/[Kramnik]}) ({II} 5. a4 {ist eine andere, ruhige und solide
Gangart, bei der Weiß kurz rochieren wird.}) 5... b5 {Im Hinblick auf ein
mögliches Be3-h6 verzögert Schwarz sein Königsfianchetto und nutzt die Zeit
besser für Aktivitäten am Damenflügel.} 6. f3 ({Keinerlei Probleme hatte
Schwarz nach} 6. Bd3 Bb7 7. a3 Nbd7 8. Nf3 e5 9. O-O exd4 10. Bxd4 Bg7 11. a4
b4 12. Nd5 c5 13. Bxf6 Nxf6 14. Nxf6+ Qxf6 15. e5 dxe5 16. Nxe5 O-O 17. f4 Qd6
18. Qe3 Rae8 $15 {remis/88, Dominguez Perez,L (2713) - Kramnik,V (2790), Nice
2010/CBM 135 Extra}) 6... Nbd7 7. Nge2 ({Hier gibt es Bissigeres, etwa} 7. g4 {
, und nun z.B.} Bb7 (7... Nb6) 8. g5 Nh5 9. Nge2 c5 10. Ng3 cxd4 11. Bxd4 e5
12. Be3 Nf4 13. h4 Qa5 14. a3 Rc8 15. O-O-O Rxc3 16. Qxc3 Qxc3 17. bxc3 d5 18.
Kb2 Bc5 19. Bxf4 $2 ({Besser war} 19. Bxc5 $142 Nxc5 20. exd5 {mit weißem
Vorteil} ({oder} 20. Re1) 20... Bxd5 (20... Na4+ 21. Kc1 Nxc3 22. Re1) 21. Re1
$16) 19... exf4 20. Ne2 $13 {/= und Weiß geriet gar ins Hintertreffen in
Amonatov,F (2625) - Timofeev,A (2664), Tomsk 2008, 0:1/40.}) 7... Nb6 8. Nf4 (
8. b3) 8... Bg7 9. a4 b4 10. Ncd5 Nbxd5 11. Nxd5 Nxd5 12. exd5 O-O $5 13. Qxb4
$5 {Auch Weiß hat nichts gegen ein scharfes, zweischneidiges Gefecht
einzuwenden und nimmt mit dem Bauern den Fehdehandschuh auf.} e6 {Freilich
möchte Schwarz rasch die Mitte öffnen und pocht auf seinen
Entwicklungsvorprung.} (13... e5 14. O-O-O $5) 14. Bc4 (14. dxe6 Bxe6 (14...
Qh4+ 15. Bf2 (15. g3 Qe7 16. exf7+ Rxf7) 15... Qe7) 15. Qd2 c5 $132) 14... Qh4+
15. Kd1 {Der Verzicht auf die Rochade erscheint sehr optimistisch. Solide
Alternativen waren:} ({I} 15. Bf2 Qg5 16. O-O exd5 17. h4 Qf5 18. Bb3 $11 (18.
Bd3 Qf4)) ({II} 15. g3 Qh5 16. O-O exd5 17. Bd3 $11) 15... Bxd4 $6 (15... Re8
$142 $1 {gefällt mir hier am besten, nach z.B.} 16. Qd2 exd5 17. Bxd5 Rb8 $44 {
sollte Schwarz gute Kompensation für den geopferten Bauern haben.}) 16. Bxa6 e5
$6 ({Anstatt sich der Fesselung auf der 4. Reihe zu entziehen, ist Kramnik
nicht bereit, einen Rückwärtsgang einzulegen und wagt stattdessen ein
interessantes Läuferopfer. Wie aus der nachstehenden Anmerkung zum 17. Zug
jedoch zu schlußfolgern ist, wäre Schwarz mit} 16... Qe7 $142 $5 {relativ
besser beraten gewesen, z.B.} 17. Qxd4 ({Ebenso zu prüfen sind die
Verwicklungen nach} 17. Bh6 {, z.B.} Qf6 $5 (17... Bg7 18. Bxg7 Kxg7 19. Bxc8
Rfxc8 20. dxe6 Qxe6 21. Qc3+ Kg8 22. Re1 $14) 18. Bxf8 Bxa6 19. Bh6 exd5 20. c3
Be5 21. f4 Qh4 22. fxe5 Qxh6 $14) 17... e5 18. Qd2 Bxa6 19. b3 (19. h4 e4)
19... Rfc8 20. Ke1 c6 21. dxc6 Rxc6 22. Kf2 d5 23. c3 $14) 17. Bxc8 $6 ({
Nach dem Motto "nicht kleckern, sondern klotzen" hält Naiditsch konsequent
dagegen und stellt Kramniks Opferangebot auf die Probe. Indes wäre auch hier
ein Rückzug schlauer gewesen, und zwar} 17. Bb5 $142 $5 {und nun
beispielsweise:} Ba6 (17... Qf6 18. Bxd4 exd4 19. Bc6) 18. Bxa6 (18. Ra3) 18...
Rxa6 19. a5 (19. c3 $2 Rb6 20. Qc4 Rxb2 21. cxd4 Rfb8 $44 {, siehe Anmerkung
zum 20. Zug von Schwarz}) 19... Qf6 (19... Raa8 20. c3 Rfb8 21. Qc4 Rxb2 22.
cxd4 Rxg2 (22... Rab8 $2 23. a6 $18) 23. Re1 $16) 20. Bxd4 exd4 21. Re1 Rfa8
22. Ra4 $16) 17... Rfxc8 18. c3 Rab8 19. Qc4 c5 $2 ({Damit überspannt Schwarz
definitiv den Bogen. Erforderlich war} 19... Rxb2 $1 {mit zum Ausgleich
führenden Angriff, allerdings nicht mehr:} 20. cxd4 Rcb8 21. Rc1 (21. a5 $6
R8b4) 21... e4 $44 {/=, z.B.} 22. Rf1 (22. Rc2 Rb1+ 23. Rc1 R1b2 $11) 22...
Rxg2 23. Qxc7 Rb3 24. Rc3 Rb1+ 25. Rc1 (25. Bc1 $2 e3 $1 $19) 25... Rb3 $11 {
, und allem Anschein nach ist die Stellungswiederholung forciert.}) 20. Bc1 $1
$16 {Nun ist nicht zu sehen, wie Schwarz aus dem Dilemma herauskommen kann.} e4
({Kramnik versucht mit allen Mitteln, weiter zu komplizieren, während die
folgenden Alternativen die Chose vereinfachen und dem Weißen, der einen
prächtigen a-Bauern in der Hinterhand hält, in die Hände spielen: I} 20... Bf2
21. Qxh4 Bxh4 22. Kc2) ({II} 20... Re8 21. Re1 e4 22. Rxe4 Rxe4 23. fxe4 Be5
24. Qe2 Bxh2 25. a5) 21. cxd4 exf3 22. gxf3 Re8 ({Falls} 22... Qh5 {, so kann
z.B.} 23. Ra3 Rb4 24. Qe2 Rxd4+ 25. Bd2 Qxd5 26. Kc1 $18 {folgen.}) 23. Ra3 $6
({Ungenau, der gegebene Plan zur Konsolidierung bestand in} 23. Kc2 $1 {
(-b1), z.B.} Qf2+ 24. Kb1 Qxf3 25. Rf1 Qg2 (25... Qe4+ 26. Qc2 (26. Ka2 $4 Rb4
$19 27. Qa6 Qxd5+ 28. Kb1 Qe4+ 29. Ka2 Ra8) 26... Qxd4 (26... Qxd5 27. dxc5)
27. Rd1 $18) 26. Rd1 Re2 (26... Qg4 27. Rd2) 27. Ra2 Rb4 28. Qc3 Qxd5 29. Ra3
Qe4+ (29... Rxh2 30. Qf3) 30. Qd3 $18) 23... Rb4 24. Qf1 Qxd4+ 25. Kc2 c4 ({
Vielleicht konnte Schwarz mit} 25... Reb8 {mehr Probleme bereiten, wenngleich
nach z.B.} 26. Ra2 Qxd5 (26... Rxa4 27. Rxa4 Qxa4+ 28. Kb1) 27. Kb1 $16 {
am weißen Vorteil kaum zu rütteln ist.}) 26. Qd1 Qf2+ 27. Bd2 Re2 28. Ra2 Qxf3
(28... c3 29. bxc3 (29. Kxc3 $4 Qc5+ 30. Kd3 Qc4#) 29... Rb8 30. Re1 $18 {
, z.B.} Rxe1 31. Qxe1 Qb6 32. Qa1 Qb3+ 33. Kc1 Qc4 34. Ra3) 29. Re1 $2 {
Räumt dem Gegner eine letzte, versteckte Chance ein.} ({Richtig war die
Entfesselung} 29. Kc1 $142 {und nach} c3 30. Bxc3 (30. bxc3) 30... Rb3 31. Kb1
(31. Qxb3 $2 Qe3+ 32. Kb1 (32. Kd1 $2 Rd2+ $1 33. Bxd2 Qxb3+ $19) 32... Qe4+
33. Kc1 Qe3+ $11) 31... Qe4+ 32. Ka1 $18 {wäre alles klar gewesen, z.B.} Qg2
33. Qf1 Qxd5 34. Qxe2 Qxh1+ 35. Qe1 $18) 29... Qb3+ $2 {So aber verliert
Schwarz chancenlos.} ({Der am Brett kaum zu findende, chancenreiche
Rettungsversuch geht über} 29... Qf5+ $1 {und nun:} 30. Kc1 c3 $1 31. Rxe2 (31.
Bxc3 $2 Qf4+ 32. Kb1 (32. Bd2 $2 Rc4+ 33. Kb1 Rxd2 $19) 32... Qe4+ 33. Kc1 (33.
Ka1 $2 {wird durch den herrlichen Problemzug} Rd4 $3 {widerlegt:} 34. Qc1 (34.
Qxe2 Qxe2) (34. Qb1 Rxe1 35. Bxe1 Qxd5 $19 {/\Rd1}) 34... Rxe1 35. Bxe1 Qg4 $1
$19 {/\Rd1}) 33... Qe3+ (33... Qf4+ $11) 34. Kb1 Qe4+ 35. Kc1 Qe3+ $11 {
mit Stellungswiederholung}) 31... cxd2+ 32. Rxd2 Rc4+ 33. Rc2 Rf4 $14 {Nun
verliert Weiß unweigerlich seine Dame (im Tausch gegen den schwarzen Turm).
Das anstehende komplexe Endspiel (2 Türme vs Dame) ist zwar schwer
einzuschätzen, aber da das weiße Freibauernduo noch zurück ist, die schwarze
Dame außerordentlich agil ist und ggf. auch schwarze Freibauern (d und f) bald
laufen werden, tendiert der Kommentator dazu, daß Schwarz sich halten kann.
Die folgenden Anregungen mögen dies untermauern:} 34. b3 (34. b4 Rf1 35. Qxf1
Qxf1+ 36. Kb2 Qf6+ 37. Kb3 Qf3+ 38. Rc3 Qxd5+ 39. Ka3 f5 $14 40. Rac2 (40. Rb2
f4 41. b5 Qd4 42. Rbb3 Qb6 43. Rc4 g5 44. Rbc3 Kg7) (40. a5 f4 41. Rac2 Qd1 42.
Rc1 Qe2) (40. b5 Qd4 41. Rac2 f4) 40... f4 41. b5 Qd4 42. Rc1 (42. a5 Qd5 $1)
42... Kg7 43. Rb3 Qb6 44. Rf3 (44. Rc6 Qg1 $1) 44... d5 45. Rc6 Qa7 46. b6 Qe7+
47. Kb3 (47. Kb2 Qe5+) 47... Qe4) (34. a5 Rf1 35. Rd2 (35. a6 $4 Rxd1+ 36. Kxd1
Qxd5+) 35... Qc8+ $1 36. Kb1 (36. Rc2 Rxd1+ 37. Kxd1 Qg4+ 38. Kc1 (38. Kd2 Qd4+
) 38... Qg1+ $11) 36... Qf5+ 37. Kc1 (37. Ka1 $2 Qf3 $1 $19) 37... Qc8+ 38. Kb1
$11) 34... Rf1 35. Qxf1 Qxf1+ 36. Kb2 Qd3 37. a5 (37. Ra3 Qd4+ 38. Ka2 Qd3 39.
Rc8+ (39. Rb2 f5 (39... Qa6) 40. a5 Qa6) 39... Kg7 40. a5 Qd2+ 41. Kb1 Qb4 42.
Kb2 Qd2+ 43. Rc2 Qd4+ 44. Ka2 Qd3 45. Rb2 (45. Kb1 Qd1+ 46. Rc1 Qd3+ 47. Rc2
Qd1+ $11) (45. Rc4 Qd2+ 46. Kb1 Qd1+ $11) 45... Qa6 46. Rd2 (46. b4 Qc4+ 47.
Rab3 f5) 46... f5 $14) 37... Qd4+ 38. Ka3 Qxd5 39. b4 (39. Ka4 Qe4+ 40. Rc4
Qe8+) 39... Qd3+ 40. Ka4 d5 $14) 30. Kb1 $18 Rxe1 31. Qxe1 c3 32. Bxc3 Re4 33.
Qf1 Qxd5 34. Ra3 1-0

[Event "EU-ch 11th"]
[Site "Rijeka"]
[Date "2010.03.07"]
[Round "2"]
[White "Vallejo Pons, Francisco"]
[Black "Ruck, Robert"]
[Result "1-0"]
[WhiteElo "2708"]
[BlackElo "2570"]
[Annotator "Mikhalchishin,A"]
[PlyCount "84"]
[EventDate "2010.03.06"]
[EventType "swiss"]
[EventRounds "11"]
[EventCountry "CRO"]
[SourceTitle "CBM 136"]
[Source "ChessBase"]
[SourceDate "2010.05.18"]
[SourceVersion "1"]
[SourceVersionDate "2010.05.18"]
[SourceQuality "1"]

1. e4 d6 2. d4 Nf6 3. f3 $1 {This is a very interesting psychological approach
- the play will be transposed into a kind of Saemisch structure. But it is
known, that regular players og the Pirc Defence regularly are not big
specialists in the King's Indian!} e5 4. d5 ({I think, that it is not
necessary to close the centre immediately. There is a normal, strong move from
the Saemisch setup:} 4. Ne2 exd4 ({It is possible to transpose to Old Indian
lines:} 4... Be7 5. c4 O-O 6. Be3 c6 7. Qd2 Nbd7 (7... exd4 8. Nxd4 Re8 9. Nc3
Bf8 10. Be2 Nbd7 11. O-O $14) 8. d5 $1 cxd5 9. cxd5 Nh5 $146 (9... Ne8 10. Nbc3
f5 11. exf5 Rxf5 12. Ng3 Rf7 13. Bd3 $14) 10. Nbc3 Nb6 $6 ({Typical King's
Indian plans would be more logical:} 10... g6 11. O-O-O f5 (11... Ng7 $5 12. g4
f5 13. gxf5 gxf5 14. Kb1 $14) 12. exf5 gxf5 13. f4 (13. g4 fxg4 14. fxg4 Nf4 $1
) 13... Nhf6 (13... Nb6 14. b3 $14) 14. fxe5 Nxe5 15. Nf4 Ne4 16. Nxe4 fxe4 17.
h3 Bg5 18. Kb1 $14) 11. b3 h6 (11... g6 $5) 12. O-O-O Bg5 13. g4 Bxe3 14. Qxe3
Nf6 15. Ng3 (15. h4 $5 a5 16. g5 hxg5 17. hxg5 Nh7 18. Rg1 $14 {פh7}) 15... a5
$1 16. h4 a4 $132 17. Kb2 axb3 18. axb3 Nbd7 ({The only chance for counterplay
was} 18... Nh7 $1 19. Rc1 $5 Nd7 20. Bb5 Nc5 21. b4 Na6 22. Ra1 Bd7 23. Bxd7
Qxd7 24. Qb6 $14) 19. Bb5 $1 Nc5 20. b4 $1 Na6 21. Ra1 {Ivanchuk-Beliavsky,
Beograde 1997. With a typical space advantage in the King's Indian.} (21. g5 $6
hxg5 22. hxg5 Nh7 $1)) 5. Nxd4 d5 6. e5 Nh5 7. g3 c5 8. Nb3 c4 9. Nd4 Bc5 10.
f4 Nxf4 11. Bxf4 Qb6 12. Nf3 Qxb2 13. Nbd2 Qc3 14. h4 Nc6 15. Bh3 Nb4 16. Kf1
Nxc2 17. Rb1 Ne3+ 18. Bxe3 Qxe3 19. Qe2 Bxh3+ 20. Rxh3 Qxe2+ 21. Kxe2 b6 {
1-0 Socko,B (2635)-Lubczynski,R (2413)/Lublin POL 2008. Black has sufficient
compensation for the knight.}) 4... Be7 ({One interesting way is to try to
control the black squares and to stop White from castling:} 4... c6 5. c4 Qb6
6. Nc3 Be7 7. Na4 $1 $146 Qd8 (7... Qc7 8. Be3 $14) 8. Be3 O-O 9. Qd2 Bd7 (9...
Nh5 $5) 10. Nc3 $14 cxd5 11. cxd5 Na6 12. Bxa6 $1 bxa6 13. Nge2 Qb8 14. O-O $14
{[>< a7]} Qb7 15. Rfc1 Rfc8 16. Nd1 $1 {[/\ b3, Nb2-c4]} Bd8 (16... Rxc1 17.
Rxc1 Rc8 18. Rxc8+ Bxc8 19. b3 Bd8 20. Nb2 Bb6 21. Nc4 $14) 17. b3 a5 (17...
Bb6 18. Nb2 $14) 18. Nb2 a4 $5 (18... Bb6 19. Nc4 $16) 19. Nxa4 Bxa4 20. bxa4
Bb6 21. Ng3 g6 22. h3 $1 Nd7 23. Kh2 Bxe3 24. Qxe3 {1-0 Illescas Cordoba,M 
(2624)-Cifuentes Parada,R (2512)/Espana 2005. With a clear advantage.}) 5. Be3
Nh5 {Here Old Indian players always try to exchange their worst piece - the
black squared bishop. King's Indian players are not so nervous, despite the
fact that the bishop is much worse placed on g7 than on e7.} ({But simple
development is not worse:} 5... O-O 6. c4 c6 7. Nc3 Na6 8. Bd3 cxd5 9. cxd5 Nh5
10. Nge2 Bh4+ 11. g3 Bg5 12. Bxg5 Qxg5 13. Qd2 Qd8 14. g4 Nf6 15. Ng3 Nd7 16.
Be2 Ndc5 17. O-O Bd7 18. Kh1 Rc8 19. Rac1 g6 20. Qh6 f6 21. Rg1 Qe7 22. Qe3 Qd8
23. Kg2 Kh8 24. Kh1 {1-0 Grischuk,A (2704)-Tseshkovsky,V (2577)/Moscow RUS
2004. White has a very small advantage.}) 6. Qd2 {It is possible to transpose
to the Saemisch directly, but Vallejo believes that the c4-square can be used
by some other white piece.} (6. c4 a5 7. Nc3 Na6 8. g3 g6 9. Qd2 f5 10. exf5
gxf5 11. f4 O-O 12. Nh3 Qe8 13. Be2 Qg6 14. O-O-O Nf6 15. Nf2 Ng4 16. Nxg4 fxg4
17. fxe5 dxe5 18. h3 Rf3 19. Bxf3 gxf3 20. g4 Bd7 21. Rhf1 {and Black does not
have sufficient compensation for the exchange.}) ({There are two other options
to avoid the exchange of the black squared bishops; the second one is
especially interesting:} 6. g3) (6. Nc3 Bg5 7. Bf2 g6 8. g4 Nf4 9. h4 Be7 10.
Nge2 h5 11. Nxf4 exf4 12. g5 f6 13. gxf6 Bxf6 14. e5 $5 Bxe5 15. Bd3 Bf5 16.
Bxf5 gxf5 17. Qd3 Nd7 18. Rg1 $2 (18. O-O-O $1 $16) 18... Qf6 (18... Bxc3+ 19.
Qxc3 Qe7+ 20. Kf1 Ne5 {and the black knight on e5 rules!}) 19. Nb5 Nc5 20.
Nxc7+ Kd7 21. Bxc5 Kxc7 22. Bf2 Rae8 23. Kd2 Bxb2 24. Rab1 Re3 25. Bxe3 fxe3+
26. Qxe3 Bd4 27. Qe6 {with white advantage.}) 6... h6 ({Now it is not logical
to mix up two plans:} 6... c6 $146 7. c4 f5 $2 (7... O-O 8. Nc3 Nd7 $14) 8.
exf5 Bxf5 9. Nc3 Bg6 (9... Nf6 10. Nge2 O-O 11. Ng3 Bg6 12. Bd3 $16) 10. Nh3 $1
Nd7 (10... O-O 11. Ng5 Bxg5 12. Bxg5 Nf6 13. O-O-O $16) 11. Ng5 Nf8 12. O-O-O
Nf6 (12... c5 13. Ne6 Nxe6 14. dxe6 Nf6 15. Bd3 Bxd3 16. Qxd3 O-O 17. Rhe1 $16
{/\ f4, Nd5}) 13. c5 $1 cxd5 14. Nxd5 Nxd5 15. Bb5+ Nd7 16. Ne6 (16. Qxd5 Bxg5
17. Qe6+ Qe7 (17... Kf8 18. Qxd6+) 18. Bxd7+ Kf8 19. Qxe7+ Kxe7 20. Bxg5+ Kxd7
21. Rxd6+ Kc7 22. Rhd1 $18) 16... Nxe3 17. Nxd8 Kxd8 18. Qxe3 Nxc5 19. Qxe5 $1
$18 {1-0 Sutovsky,E (2639)-Mitkov,N (2552)/Terme Zrece 2003}) (6... O-O) 7. Ne2
({A very interesting plan to exchange the white-squared bishop, which is the
worst piece in White's position:} 7. g3 $1 Bg5 8. Bh3 Bxe3 9. Qxe3 O-O 10. Nc3
c5 11. O-O-O Qa5 12. f4 Bxh3 13. Nxh3 Nd7 14. f5 b5 15. Kb1 b4 16. Ne2 c4 17.
g4 Nf4 18. Nhxf4 exf4 19. Qxf4 c3 20. Nd4 Ne5 21. f6 {and Black is in troubles.
}) (7. Bd3 Bg5 8. g3 Bxe3 9. Qxe3 Qg5 10. Qd2 Qxd2+ 11. Kxd2 Ke7 12. c4 Nd7 13.
Nc3 a5 14. Nge2 Nc5 15. Bc2 Bd7 16. b3 g6 17. a3 b6 18. b4 axb4 19. axb4 Na6
20. Rhb1 {1/2 Bayrak,A (2011)-Rautanen,S (1993)/Novi Sad 2009 (45). White has
a clear advantage.}) 7... Bg5 8. Nbc3 $146 ({Here there exists an interesting
plan, trying to cut off Black's bishop:} 8. g4 Bh4+ 9. Kd1 Nf6 10. c4 c6 11.
Na3 a6 12. Rc1 c5 13. Nc2 Nbd7 14. Ne1 h5 15. g5 Nh7 16. Rg1 Ndf8 17. Nd3 Ng6
18. Kc2 b5 19. Kb1 bxc4 20. Rxc4 Bd7 21. f4 Bb5 22. Rc3 {Riazantsev,A (2617)
-Galego,L (2506)/Evora 2008/EXT 2009/1/2-1/2 (53). White has better the
prospects.}) ({The direct} 8. c4 {is not very logical:} a5 9. Nbc3 Na6 10.
O-O-O Bxe3 11. Qxe3 Qg5 12. Qxg5 hxg5 13. a3 Bd7 14. b3 Ke7 15. Kb2 g6 16. g4
Nf4 17. Nxf4 gxf4 18. h3 Rh4 19. Rd2 Nc5 20. b4 axb4 21. axb4 Na4+ 22. Nxa4
Rxa4 {Guerra,V (2137)-Strikovic,A (2448)/Lisbon 2002/EXT 2004/0-1 (35). Black
obtained a dream of an endgame.}) 8... Nd7 (8... a6 {would be a logical try,
as it is necessary to try something on the queenside.}) 9. g3 (9. g4 Bh4+ 10.
Kd1 {was still tempting, but Vallejo prefers a more logical way.}) 9... Bxe3 ({
Now the counterplay on the other side was still logical:} 9... a6) 10. Qxe3 Qg5
(10... Nb6 11. O-O-O Qg5 12. f4 Qe7 13. h3 Nf6 14. g4 {would allow White an
easy and simple game.}) 11. Qf2 $1 {Of course, with queens on the board
White's chances are better, as Black has still a serious lack of space.} a5 $6
{This kills Black's structure on the queenside. It was better to play ...a6.}
12. g4 (12. h4 Qe7 13. g4 Nhf6 14. Ng3 Nc5 15. Bb5+ Bd7 16. Nf5 {would be even
stronger.}) 12... Nf4 13. h4 Qf6 (13... Qd8 14. Nxf4 exf4 15. Qd2 Qf6 16. O-O-O
Ne5 17. Bb5+ Bd7 18. g5 {would have give White a clear and serious advantage.})
14. Nxf4 Qxf4 $2 ({Better was} 14... exf4 15. Bb5 Qe5 16. O-O-O O-O 17. Qh2 Nb6
18. Rhg1 {, but it is hard to suggest any counterplay for Black. After the
move in the game White creates a nice tactical trick.}) 15. g5 $1 Nc5 ({
The idea of the trick was, that} 15... hxg5 {was met with the powerful} 16. Ne2
Qf6 17. hxg5) 16. Ne2 $6 ({Even stronger was the preliminary check, which
allowed the development of the bishop:} 16. Bb5+ Kd8 17. Ne2 Nxe4 18. fxe4 Qxe4
19. O-O-O) 16... Nxe4 {What to do? Black is forced to sacrifice a piece.} 17.
fxe4 Qxe4 18. Bg2 Qxc2 ({After} 18... Qb4+ 19. c3 Qxb2 20. O-O O-O 21. gxh6
gxh6 22. Qg3+ Kh7 23. Qd3+ f5 24. Rab1 Qa3 25. Ng3 {the white pieces start to
attack the opponent's pawn structure.}) 19. Rc1 ({It was safer to castle first
} 19. O-O O-O 20. Rac1 Qxb2 21. Rxc7 {with a winning position.}) 19... Qg6 ({Or
} 19... Qxb2 20. O-O Qb6 21. Qxb6 cxb6 22. Rc7 {with a dream rook on the
seventh rank.}) 20. Rxc7 hxg5 21. hxg5 ({Even better was to include the bishop
in the action:} 21. Be4 f5 22. Rxc8+ Rxc8 23. Bxf5) 21... Rxh1+ 22. Bxh1 Bd7 (
22... Qb1+ 23. Nc1 Bd7 24. Qc2 {led to a lost endgame.}) 23. Qh4 Kd8 ({Nor does
} 23... Rd8 {help:} 24. Be4 f5 25. gxf6 Qxf6 26. Qh5+ Kf8 27. Bg6) 24. Be4 f5 (
{Or} 24... Kxc7 25. Bxg6 fxg6 26. Qh7 $18) 25. gxf6 Qxf6 26. Qxf6+ gxf6 27.
Rxb7 Kc8 28. Rb3 f5 29. Bd3 Kc7 30. Bb5 a4 31. Rc3+ Kd8 32. Bxd7 Kxd7 33. Rh3 {
Now White simply wins, as Black has not a single threat.} (33. Ra3 Rb8 34. Rxa4
Rxb2 {left some minimal chances for Black's survival.}) 33... Kc7 34. Rc3+ Kd7
35. Rh3 Kc7 36. Nc3 Kb6 37. Rf3 f4 38. Ne4 Ra5 39. Rd3 Kc7 40. Kd2 Rb5 41. Kc3
Rb8 42. Rd2 Rg8 1-0